| 000 | 00484nam a2200169Ia 4500 | ||
|---|---|---|---|
| 003 | OSt | ||
| 005 | 20260326133020.0 | ||
| 008 | 190216s9999||||xx |||||||||||||| ||und|| | ||
| 040 | _coclc | ||
| 082 |
_a891.7301 _bTOL/P |
||
| 100 |
_aTolstoy, Leo _9257 |
||
| 245 | 0 |
_aPoochakkutty / _cLeo Tolstoy |
|
| 260 |
_bMathrubhumi Printing & Publishing, _c2009. _aKozhikode: |
||
| 300 | _a39p | ||
| 650 | _aKathakal | ||
| 942 |
_cBK _2ddc _h891.7301 _iTOL/P _k891.7301 _mTOL/P |
||
| 999 |
_c29660 _d29660 |
||